000 01122nam a2200325 i 4500
001 000011595
003 DO-SdBNP
005 20250630104809.0
007 ta
008 091021t1999 dr 000 f spa d
040 _aDO-SdBNP
_bspa
_cBNPHU
_erda
041 _arda
082 4 _aRD863.44
_bV145t 1999
_222
100 1 _aValdez, Diógenes,
_d1941-
_eautor
_4aut.
_920511
245 1 0 _aTartufo y las orquídeas /
_cDiógenes Valdez.
250 _aSegunda edición
264 4 _aSanto Domingo, República Dominicana :
_bEditora Libros,
_c1999.
300 _a373 páginas ;
_c26 cm.
336 _atexto
_btxt
_2rdacontent
337 _asin mediación
_bn
_2rdamedia
338 _avolumen
_bnc
_2rdacarrier
500 _aIncluye datos biográficos del autor en la solapa de la contracubierta.
590 _aInventariado, 2020/VM
650 4 _aNovela dominicana
_9223
650 4 _aNovela histórica dominicana.
_9860
650 4 _aLiteratura dominicana.
_967
651 0 _aREPÚBLICA DOMINICANA
_xHISTORIA
_yERA DE TRUJILLO, 1930-1961
_xNOVELA
_921999
910 _aValidado. Control de calidad EMS.
942 _2ddc
_cLBS1
999 _c11290
_d11290